COUNTER INSURGENCY OPERATIONS TECHNIQUES OF GUERRILLA WARFARE (Record no. 584084)
[ view plain ]
| 000 -LEADER | |
|---|---|
| fixed length control field | 00366nam a22001217a 4500 |
| 082 ## - DEWEY DECIMAL CLASSIFICATION NUMBER | |
| Classification number | 355.0218 PAG'C |
| 100 ## - MAIN ENTRY--PERSONAL NAME | |
| Personal name | PAGET, JULIAN |
| 9 (RLIN) | 49116 |
| 245 ## - TITLE STATEMENT | |
| Title | COUNTER INSURGENCY OPERATIONS TECHNIQUES OF GUERRILLA WARFARE |
| 260 ## - PUBLICATION, DISTRIBUTION, ETC. | |
| Place of publication, distribution, etc. | NEWYORK |
| Name of publisher, distributor, etc. | WALKER |
| Date of publication, distribution, etc. | 1967 |
| 300 ## - PHYSICAL DESCRIPTION | |
| Extent | 189P |
| 650 ## - SUBJECT ADDED ENTRY--TOPICAL TERM | |
| Topical term or geographic name entry element | TECHNIQUES OF GUERRILLA WARFARE.COUNTER INSURGENCY OPERATIONS |
| 9 (RLIN) | 79013 |
| 942 ## - ADDED ENTRY ELEMENTS (KOHA) | |
| Koha item type | Book |
| Withdrawn status | Lost status | Damaged status | Not for loan | Permanent Location | Current Location | Shelving location | Date acquired | Total Checkouts | Full call number | Barcode | Date last seen | Price effective from | Koha item type |
|---|---|---|---|---|---|---|---|---|---|---|---|---|---|
| College of Electrical & Mechanical Engineering (CEME) | College of Electrical & Mechanical Engineering (CEME) | General Stacks | 06/23/2017 | 355.0218 PAG'C | CEME-7185 | 06/28/2021 | 06/28/2021 | Book |
